[Event "29. Klatovy A 2023"]
[Site "Klatovy"]
[Date "2023.07.07"]
[Round "7.8"]
[White "Zhang, Michelle 2013"]
[Black "Flajsman, Pavel"]
[Result "0-1"]
[WhiteElo "1724"]
[BlackElo "2192"]
[PlyCount "194"]
[EventDate "2023.07.01"]
[EventType "swiss"]
[EventRounds "9"]
[EventCountry "CZE"]
[TimeControl "120+30"]

1. e4 {[%emt 0:00:04]} g6 {[%emt 0:00:05]} 2. d4 {[%emt 0:00:14]} Bg7 {[%emt 0:00:07]} 3. Nc3 {[%emt 0:00:45]} d6 {[%emt 0:01:49]} 4. Nf3 {[%emt 0:01:07]} a6 {[%emt 0:00:11]} 5. Bf4 {[%emt 0:01:57]} b5 {[%emt 0:08:42]} 6. a3 {[%emt 0:03:24]} Bb7 {[%emt 0:02:10]} 7. Bd3 {[%emt 0:05:39]} Nd7 {[%emt 0:07:56]} 8. O-O {[%emt 0:04:39]} c5 {[%emt 0:05:45]} 9. Be3 {[%emt 0:04:54]} cxd4 {[%emt 0:47:36]} 10. Bxd4 {[%emt 0:02:51]} Ngf6 {[%emt 0:00:40]} 11. Re1 {[%emt 0:05:32]} O-O {[%emt 0:01:13]} 12. h3 {[%emt 0:11:20]} Nc5 {[%emt 0:04:03]} 13. e5 {[%emt 0:14:11]} Nxd3 {[%emt 0:02:20]} 14. Qxd3 {[%emt 0:02:13]} dxe5 {[%emt 0:01:04]} 15. Nxe5 {[%emt 0:05:02]} Qc7 {[%emt 0:10:16]} 16. Rad1 {[%emt 0:04:17]} Rad8 {[%emt 0:02:16]} 17. Qe3 {[%emt 0:02:21]} Nd5 {[%emt 0:00:30]} 18. Nxd5 {[%emt 0:01:11]} Rxd5 {[%emt 0:00:02]} 19. Qc3 {[%emt 0:25:35]} Qd6 {[%emt 0:09:31]} 20. Rd3 {[%emt 0:09:20]} Rc8 {[%emt 0:01:54]} 21. Qd2 {[%emt 0:01:06]} Rd8 {[%emt 0:07:38]} 22. Bc3 {[%emt 0:09:10]} Rxd3 {[%emt 0:03:35]} 23. Qxd3 {[%emt 0:02:30]} Qxd3 {[%emt 0:09:52]} 24. cxd3 {[%emt 0:02:57]} e6 {[%emt 0:00:23]} 25. d4 {[%emt 0:00:28]} Bf6 {[%emt 0:01:25]} 26. Kh2 {[%emt 0:01:55]} Bd5 {[%emt 0:00:59]} 27. Re3 {[%emt 0:01:06]} Bg5 {[%emt 0:00:19]} 28. Re1 {[%emt 0:00:27]} Be7 {[%emt 0:00:16]} 29. Re3 {[%emt 0:01:20]} Bd6 {[%emt 0:00:41]} 30. Kg1 {[%emt 0:00:55]} f6 {[%emt 0:01:05]} 31. Nd3 {[%emt 0:01:27]} Kf7 {[%emt 0:00:17]} 32. Nb4 {[%emt 0:02:28]} Bb7 {[%emt 0:00:10]} 33. Nd3 {[%emt 0:00:35]} Ra8 {[%emt 0:00:29]} 34. Ba5 {[%emt 0:00:42]} Bd5 {[%emt 0:00:25]} 35. Kf1 {[%emt 0:02:43]} Rc8 {[%emt 0:01:00]} 36. Bc3 {[%emt 0:01:38]} Bc4 {[%emt 0:00:28]} 37. Kg1 {[%emt 0:00:24]} a5 {[%emt 0:01:00]} 38. g3 {[%emt 0:00:28]} Bxd3 {[%emt 0:00:25]} 39. Rxd3 {[%emt 0:00:07]} b4 {[%emt 0:00:01]} 40. axb4 {[%emt 0:00:48]} axb4 {[%emt 0:00:04]} 41. Be1 {[%emt 0:00:21]} Rc2 {[%emt 0:01:22]} 42. Rb3 {[%emt 0:00:42]} Rc1 {[%emt 0:00:35]} 43. Kf1 {[%emt 0:00:27]} Rd1 {[%emt 0:00:04]} 44. Ke2 {[%emt 0:00:27]} Rxd4 {[%emt 0:00:02]} 45. Rd3 {[%emt 0:00:37]} Re4+ {[%emt 0:01:01]} 46. Kd1 {[%emt 0:00:28]} Ke7 {[%emt 0:00:16]} 47. f3 {[%emt 0:00:30]} Rc4 {[%emt 0:00:30]} 48. b3 {[%emt 0:00:28]} Rc6 {[%emt 0:00:09]} 49. Rd4 {[%emt 0:00:29]} Rb6 {[%emt 0:00:24]} 50. Rc4 {[%emt 0:00:34]} Kd7 {[%emt 0:00:11]} 51. Kc2 {[%emt 0:00:39]} Rb5 {[%emt 0:01:52]} 52. g4 {[%emt 0:00:26]} h5 {[%emt 0:00:41]} 53. Bd2 {[%emt 0:00:26]} h4 {[%emt 0:00:23]} 54. f4 {[%emt 0:00:26]} Be7 {[%emt 0:00:22]} 55. Be1 {[%emt 0:00:34]} g5 {[%emt 0:00:13]} 56. Bd2 {[%emt 0:00:24]} Bd6 {[%emt 0:00:40]} 57. fxg5 {[%emt 0:00:36]} fxg5 {[%emt 0:00:02]} 58. Rd4 {[%emt 0:00:36]} Kc6 {[%emt 0:00:48]} 59. Kb1 {[%emt 0:00:31]} Be7 {[%emt 0:00:18]} 60. Rc4+ {[%emt 0:00:24]} Kd5 {[%emt 0:01:06]} 61. Be3 {[%emt 0:00:40]} e5 {[%emt 0:00:33]} 62. Bd2 {[%emt 0:00:26]} Rb7 {[%emt 0:00:33]} 63. Kc2 {[%emt 0:00:29]} e4 {[%emt 0:00:26]} 64. Be3 {[%emt 0:00:14]} Rb5 {[%emt 0:00:31]} 65. Rd4+ {[%emt 0:00:23]} Ke5 {[%emt 0:00:05]} 66. Rc4 {[%emt 0:00:22]} Rd5 {[%emt 0:00:37]} 67. Rc7 {[%emt 0:00:41]} Ke6 {[%emt 0:00:08]} 68. Rc4 {[%emt 0:00:37]} Ke5 {[%emt 0:00:01]} 69. Rc7 {[%emt 0:00:11]} Bf6 {[%emt 0:00:48]} 70. Bd2 {[%emt 0:00:39]} Rb5 {[%emt 0:01:10]} 71. Be3 {[%emt 0:00:25]} Kd6 {[%emt 0:00:34]} 72. Rc4 {[%emt 0:00:30]} Kd5 {[%emt 0:00:14]} 73. Rc7 {[%emt 0:00:31]} Ra5 {[%emt 0:00:28]} 74. Rb7 {[%emt 0:00:55]} Bc3 {[%emt 0:00:47]} 75. Bxg5 {[%emt 0:00:33]} Kc6 {[%emt 0:00:06]} 76. Re7 {[%emt 0:00:21]} Rxg5 {[%emt 0:00:04]} 77. Rxe4 {[%emt 0:00:05]} Kd5 {[%emt 0:00:38]} 78. Re8 {[%emt 0:00:12]} Kd4 {[%emt 0:01:12]} 79. Re6 {[%emt 0:00:48]} Ra5 {[%emt 0:00:28]} 80. Rd6+ {[%emt 0:00:23]} Ke3 {[%emt 0:00:25]} 81. Rd3+ {[%emt 0:00:17]} Kf4 {[%emt 0:00:06]} 82. Kd1 {[%emt 0:00:40]} Ra1+ {[%emt 0:00:10]} 83. Kc2 {[%emt 0:00:15]} Rg1 {[%emt 0:00:19]} 84. g5 {[%emt 0:00:38]} Rg2+ {[%emt 0:00:14]} 85. Kc1 {[%emt 0:00:12]} Rxg5 {[%emt 0:00:13]} 86. Rd7 {[%emt 0:00:14]} Kg3 {[%emt 0:00:35]} 87. Rd3+ {[%emt 0:00:09]} Kg2 {[%emt 0:00:09]} 88. Re3 {[%emt 0:00:11]} Rg3 {[%emt 0:00:07]} 89. Re2+ {[%emt 0:00:08]} Kxh3 {[%emt 0:00:04]} 90. Re4 {[%emt 0:00:07]} Rf3 {[%emt 0:00:09]} 91. Re7 {[%emt 0:00:14]} Kg2 {[%emt 0:00:07]} 92. Rh7 {[%emt 0:00:10]} h3 {[%emt 0:00:06]} 93. Rh6 {[%emt 0:00:11]} h2 {[%emt 0:00:05]} 94. Rg6+ {[%emt 0:00:09]} Rg3 {[%emt 0:00:04]} 95. Rh6 {[%emt 0:00:09]} h1=Q+ {[%emt 0:00:20]} 96. Rxh1 {[%emt 0:00:05]} Kxh1 {[%emt 0:00:01]} 97. Kc2 {[%emt 0:00:11]} Be5 {[%emt 0:00:10]} 0-1

[Event "29. Klatovy A 2023"]
[Site "Klatovy"]
[Date "2023.07.07"]
[Round "7.9"]
[White "Kishore, Kumar Jaganathan"]
[Black "Dvorak, Jan"]
[Result "0-1"]
[WhiteElo "1860"]
[BlackElo "2176"]
[PlyCount "60"]
[EventDate "2023.07.01"]
[EventType "swiss"]
[EventRounds "9"]
[EventCountry "CZE"]
[TimeControl "120+30"]

1. d4 {[%emt 0:01:54]} e6 {[%emt 0:00:10]} 2. c4 {[%emt 0:00:09]} Nf6 {[%emt 0:00:13]} 3. g3 {[%emt 0:00:07]} d5 {[%emt 0:00:14]} 4. Nf3 {[%emt 0:00:06]} Be7 {[%emt 0:00:16]} 5. Bg2 {[%emt 0:00:17]} O-O {[%emt 0:00:12]} 6. O-O {[%emt 0:00:08]} Nbd7 {[%emt 0:00:19]} 7. Qc2 {[%emt 0:02:56]} c6 {[%emt 0:00:48]} 8. Nbd2 {[%emt 0:04:31]} b6 {[%emt 0:02:40]} 9. e4 {[%emt 0:00:07]} Ba6 {[%emt 0:02:58]} 10. Re1 {[%emt 0:06:37]} Rc8 {[%emt 0:10:15]} 11. e5 {[%emt 0:18:12]} Ne8 {[%emt 0:06:45]} 12. b3 {[%emt 0:06:07]} Nc7 {[%emt 0:04:09]} 13. Bb2 {[%emt 0:01:46]} c5 {[%emt 0:03:07]} 14. Rad1 {[%emt 0:02:21]} b5 {[%emt 0:06:52]} 15. dxc5 {[%emt 0:17:07]} Bxc5 {[%emt 0:07:17]} 16. Bd4 {[%emt 0:06:34]} bxc4 {[%emt 0:24:09]} 17. bxc4 {[%emt 0:02:15]} Bxd4 {[%emt 0:07:57]} 18. Nxd4 {[%emt 0:00:07]} Nb5 {[%emt 0:02:02]} 19. Qb2 {[%emt 0:16:14]} Nxd4 {[%emt 0:02:29]} 20. Qxd4 {[%emt 0:00:06]} Bxc4 {[%emt 0:01:30]} 21. Nxc4 {[%emt 0:00:30]} Rxc4 {[%emt 0:00:05]} 22. Qxa7 {[%emt 0:01:04]} Rc5 {[%emt 0:05:01]} 23. h4 {[%emt 0:11:11]} Ra5 {[%emt 0:08:54]} 24. Qd4 {[%emt 0:00:12]} Rxa2 {[%emt 0:06:33]} 25. h5 {[%emt 0:22:45]} Qg5 {[%emt 0:07:25]} 26. Rc1 {[%emt 0:05:57]} Rfa8 {[%emt 0:08:43]} 27. Rc7 {[%emt 0:01:00]} Nf8 {[%emt 0:00:48]} 28. Bf3 {[%emt 0:03:12]} R2a4 {[%emt 0:01:47]} 29. Qc5 {[%emt 0:00:24]} Qf5 {[%emt 0:01:55]} 30. Bg2 {[%emt 0:01:02]} Ra1 {[%emt 0:02:02]} 0-1

[Event "29. Klatovy A 2023"]
[Site "Klatovy"]
[Date "2023.07.07"]
[Round "7.10"]
[White "Kupsa, Matej 2001"]
[Black "Mametev, Artem"]
[Result "1-0"]
[WhiteElo "2145"]
[BlackElo "1991"]
[PlyCount "111"]
[EventDate "2023.07.01"]
[EventType "swiss"]
[EventRounds "9"]
[EventCountry "CZE"]
[TimeControl "120+30"]

1. d4 {[%emt 0:00:25]} d5 {[%emt 0:00:05]} 2. f4 {[%emt 0:01:47]} Nf6 {[%emt 0:00:41]} 3. Nf3 {[%emt 0:00:09]} Bf5 {[%emt 0:00:33]} 4. e3 {[%emt 0:00:07]} e6 {[%emt 0:00:29]} 5. Be2 {[%emt 0:00:39]} Bd6 {[%emt 0:00:43]} 6. O-O {[%emt 0:00:07]} O-O {[%emt 0:00:08]} 7. Nbd2 {[%emt 0:05:07]} Nbd7 {[%emt 0:07:27]} 8. Ne5 {[%emt 0:04:14]} Ne4 {[%emt 0:02:00]} 9. g4 {[%emt 0:02:28]} Nxd2 {[%emt 0:00:06]} 10. Bxd2 {[%emt 0:00:38]} Be4 {[%emt 0:00:35]} 11. Be1 {[%emt 0:02:51]} Nxe5 {[%emt 0:12:19]} 12. fxe5 {[%emt 0:00:50]} Be7 {[%emt 0:00:08]} 13. Bd3 {[%emt 0:01:47]} Bg5 {[%emt 0:03:17]} 14. Qe2 {[%emt 0:01:17]} Bxd3 {[%emt 0:07:14]} 15. Qxd3 {[%emt 0:18:48]} Bh4 {[%emt 0:01:02]} 16. Rf4 {[%emt 0:27:36]} Bxe1 {[%emt 0:02:57]} 17. Rxe1 {[%emt 0:00:41]} Qh4 {[%emt 0:00:25]} 18. Ref1 {[%emt 0:00:57]} f6 {[%emt 0:28:25]} 19. exf6 {[%emt 0:02:54]} Rxf6 {[%emt 0:00:13]} 20. Rxf6 {[%emt 0:03:08]} gxf6 {[%emt 0:00:08]} 21. Qe2 {[%emt 0:13:48]} Kf7 {[%emt 0:09:23]} 22. Rf2 {[%emt 0:07:39]} Rg8 {[%emt 0:01:04]} 23. Rg2 {[%emt 0:00:01]} c6 {[%emt 0:02:30]} 24. Kf1 {[%emt 0:01:43]} h5 {[%emt 0:04:16]} 25. gxh5 {[%emt 0:02:30]} Qh3 {[%emt 0:01:41]} 26. h6 {[%emt 0:03:08]} Rxg2 {[%emt 0:00:24]} 27. Qxg2 {[%emt 0:00:02]} Qxh6 {[%emt 0:00:34]} 28. Qg3 {[%emt 0:03:22]} Qh5 {[%emt 0:01:23]} 29. Ke1 {[%emt 0:02:36]} e5 {[%emt 0:00:53]} 30. dxe5 {[%emt 0:02:57]} fxe5 {[%emt 0:00:32]} 31. Kd2 {[%emt 0:00:47]} c5 {[%emt 0:01:35]} 32. Qg2 {[%emt 0:01:54]} e4 {[%emt 0:01:08]} 33. Qg3 {[%emt 0:01:19]} b6 {[%emt 0:09:00]} 34. Qf4+ {[%emt 0:04:18]} Ke6 {[%emt 0:03:02]} 35. c4 {[%emt 0:01:20]} Kd7 {[%emt 0:00:45]} 36. h4 {[%emt 0:00:22]} a6 {[%emt 0:05:55]} 37. a4 {[%emt 0:00:46]} Ke6 {[%emt 0:09:02]} 38. Qc7 {[%emt 0:02:26]} Qxh4 {[%emt 0:02:51]} 39. Qxb6+ {[%emt 0:00:14]} Kd7 {[%emt 0:00:25]} 40. Qb7+ {[%emt 0:00:39]} Ke8 {[%emt 0:01:51]} 41. Qc6+ {[%emt 0:00:32]} Kf7 {[%emt 0:01:03]} 42. Qxd5+ {[%emt 0:00:09]} Ke8 {[%emt 0:00:05]} 43. Qxc5 {[%emt 0:01:03]} Qf2+ {[%emt 0:00:10]} 44. Kc3 {[%emt 0:00:19]} Qe1+ {[%emt 0:00:16]} 45. Kd4 {[%emt 0:00:20]} Qd2+ {[%emt 0:02:12]} 46. Kxe4 {[%emt 0:00:09]} Qc2+ {[%emt 0:00:06]} 47. Kd5 {[%emt 0:00:36]} Qxb2 {[%emt 0:00:56]} 48. Qc8+ {[%emt 0:00:24]} Ke7 {[%emt 0:00:06]} 49. Qe6+ {[%emt 0:00:16]} Kd8 {[%emt 0:00:34]} 50. Qd6+ {[%emt 0:00:09]} Kc8 {[%emt 0:00:21]} 51. Qxa6+ {[%emt 0:00:08]} Kd8 {[%emt 0:00:25]} 52. Qd6+ {[%emt 0:00:20]} Kc8 {[%emt 0:00:05]} 53. a5 {[%emt 0:02:30]} Qg2+ {[%emt 0:05:00]} 54. e4 {[%emt 0:00:25]} Qe2 {[%emt 0:00:51]} 55. Qe6+ {[%emt 0:00:35]} Kd8 {[%emt 0:00:17]} 56. Kc6 {[%emt 0:00:58]} 1-0

[Event "29. Klatovy A 2023"]
[Site "Klatovy"]
[Date "2023.07.07"]
[Round "7.11"]
[White "Hladky, Tadeas"]
[Black "Ret, Adam Josef"]
[Result "1/2-1/2"]
[WhiteElo "2046"]
[BlackElo "2133"]
[PlyCount "40"]
[EventDate "2023.07.01"]
[EventType "swiss"]
[EventRounds "9"]
[EventCountry "CZE"]
[TimeControl "120+30"]

1. e4 {[%emt 0:00:02]} c5 {[%emt 0:00:14]} 2. Nf3 {[%emt 0:00:14]} Nc6 {[%emt 0:00:11]} 3. Bb5 {[%emt 0:00:11]} g6 {[%emt 0:00:19]} 4. O-O {[%emt 0:00:12]} Bg7 {[%emt 0:00:32]} 5. Re1 {[%emt 0:00:18]} Nf6 {[%emt 0:02:05]} 6. e5 {[%emt 0:00:13]} Nd5 {[%emt 0:01:15]} 7. Nc3 {[%emt 0:00:13]} Nc7 {[%emt 0:00:37]} 8. Bxc6 {[%emt 0:00:12]} dxc6 {[%emt 0:00:15]} 9. Ne4 {[%emt 0:00:11]} b6 {[%emt 0:01:07]} 10. Nf6+ {[%emt 0:00:22]} Kf8 {[%emt 0:00:40]} 11. Ne4 {[%emt 0:00:13]} Bg4 {[%emt 0:00:21]} 12. d3 {[%emt 0:00:09]} Ne6 {[%emt 0:00:30]} 13. h3 {[%emt 0:02:21]} Bxf3 {[%emt 0:00:52]} 14. Qxf3 {[%emt 0:00:59]} h6 {[%emt 0:01:33]} 15. Ng3 {[%emt 0:06:57]} Nd4 {[%emt 0:21:27]} 16. Qd1 {[%emt 0:02:22]} Qd5 {[%emt 0:01:08]} 17. f4 {[%emt 0:18:49]} Rd8 {[%emt 0:01:56]} 18. Be3 {[%emt 0:01:46]} f5 {[%emt 0:15:23]} 19. c3 {[%emt 0:07:23]} Ne6 {[%emt 0:01:36]} 20. Qa4 {[%emt 0:03:19]} Kf7 {[%emt 0:16:06]} 1/2-1/2

[Event "29. Klatovy A 2023"]
[Site "Klatovy"]
[Date "2023.07.07"]
[Round "7.12"]
[White "Stary, Vojtech"]
[Black "Jordanov, Mihail"]
[Result "0-1"]
[WhiteElo "1822"]
[BlackElo "2140"]
[PlyCount "140"]
[EventDate "2023.07.01"]
[EventType "swiss"]
[EventRounds "9"]
[EventCountry "CZE"]
[TimeControl "120+30"]

1. e4 {[%emt 0:00:02]} e5 {[%emt 0:00:08]} 2. Nf3 {[%emt 0:00:07]} Nc6 {[%emt 0:00:06]} 3. Nc3 {[%emt 0:00:13]} Nf6 {[%emt 0:00:32]} 4. d4 {[%emt 0:00:12]} exd4 {[%emt 0:00:06]} 5. Nxd4 {[%emt 0:00:10]} Bb4 {[%emt 0:00:04]} 6. Nxc6 {[%emt 0:00:13]} bxc6 {[%emt 0:00:08]} 7. Bd3 {[%emt 0:00:13]} d5 {[%emt 0:00:18]} 8. exd5 {[%emt 0:00:13]} cxd5 {[%emt 0:00:08]} 9. O-O {[%emt 0:00:10]} O-O {[%emt 0:00:16]} 10. Bg5 {[%emt 0:00:10]} c6 {[%emt 0:00:06]} 11. Qf3 {[%emt 0:00:17]} Bd6 {[%emt 0:00:36]} 12. h3 {[%emt 0:00:31]} Rb8 {[%emt 0:01:57]} 13. b3 {[%emt 0:04:08]} h6 {[%emt 0:12:00]} 14. Bf4 {[%emt 0:02:28]} Be6 {[%emt 0:08:53]} 15. Bxd6 {[%emt 0:04:16]} Qxd6 {[%emt 0:00:07]} 16. Rfe1 {[%emt 0:02:43]} Rfe8 {[%emt 0:11:59]} 17. Ne2 {[%emt 0:04:02]} Nd7 {[%emt 0:07:19]} 18. Nd4 {[%emt 0:05:35]} g6 {[%emt 0:04:52]} 19. Qe3 {[%emt 0:09:10]} Kg7 {[%emt 0:03:27]} 20. Nxe6+ {[%emt 0:04:37]} fxe6 {[%emt 0:09:07]} 21. Qxa7 {[%emt 0:04:35]} c5 {[%emt 0:01:12]} 22. Qa5 {[%emt 0:02:40]} Rf8 {[%emt 0:06:55]} 23. Qd2 {[%emt 0:02:58]} Rb4 {[%emt 0:07:39]} 24. Re3 {[%emt 0:09:16]} e5 {[%emt 0:06:15]} 25. Rg3 {[%emt 0:05:18]} e4 {[%emt 0:09:11]} 26. c3 {[%emt 0:03:35]} Rb6 {[%emt 0:01:33]} 27. Bc2 {[%emt 0:04:58]} Nf6 {[%emt 0:00:41]} 28. Re1 {[%emt 0:04:34]} Re8 {[%emt 0:04:40]} 29. a4 {[%emt 0:04:34]} d4 {[%emt 0:03:48]} 30. cxd4 {[%emt 0:06:58]} cxd4 {[%emt 0:00:29]} 31. Rb1 {[%emt 0:03:05]} Qb4 {[%emt 0:04:59]} 32. Qxb4 {[%emt 0:03:35]} Rxb4 {[%emt 0:00:05]} 33. Rd1 {[%emt 0:03:55]} Rc8 {[%emt 0:06:43]} 34. Rd2 {[%emt 0:01:51]} g5 {[%emt 0:04:09]} 35. Bd1 {[%emt 0:03:29]} Rc1 {[%emt 0:00:39]} 36. Kh2 {[%emt 0:01:44]} e3 {[%emt 0:04:13]} 37. fxe3 {[%emt 0:07:28]} Ne4 {[%emt 0:01:00]} 38. Rd3 {[%emt 0:00:15]} Nf2 {[%emt 0:02:58]} 39. exd4 {[%emt 0:01:35]} Rxd1 {[%emt 0:00:27]} 40. Rxd1 {[%emt 0:00:31]} Nxd1 {[%emt 0:00:02]} 41. h4 {[%emt 0:01:15]} Kg6 {[%emt 0:00:45]} 42. hxg5 {[%emt 0:00:12]} hxg5 {[%emt 0:00:01]} 43. Rd3 {[%emt 0:01:58]} Nf2 {[%emt 0:00:21]} 44. Rd2 {[%emt 0:01:13]} Ne4 {[%emt 0:00:30]} 45. Rd3 {[%emt 0:00:24]} Nf2 {[%emt 0:00:47]} 46. Rd2 {[%emt 0:00:32]} Ne4 {[%emt 0:02:02]} 47. Rd3 {[%emt 0:00:22]} Kf5 {[%emt 0:02:54]} 48. Kg1 {[%emt 0:03:15]} Ke6 {[%emt 0:00:34]} 49. d5+ {[%emt 0:01:37]} Kd6 {[%emt 0:01:08]} 50. g3 {[%emt 0:01:38]} Nc5 {[%emt 0:00:51]} 51. Rf3 {[%emt 0:01:13]} Rxb3 {[%emt 0:00:57]} 52. Rf5 {[%emt 0:01:20]} Rxg3+ {[%emt 0:00:41]} 53. Kh2 {[%emt 0:00:32]} Ne4 {[%emt 0:00:33]} 54. Rf8 {[%emt 0:00:55]} Ra3 {[%emt 0:01:46]} 55. Rd8+ {[%emt 0:00:56]} Ke5 {[%emt 0:00:37]} 56. Ra8 {[%emt 0:00:29]} Kxd5 {[%emt 0:00:19]} 57. a5 {[%emt 0:00:23]} Kc5 {[%emt 0:01:04]} 58. Re8 {[%emt 0:00:46]} Kd4 {[%emt 0:00:37]} 59. Ra8 {[%emt 0:01:41]} Ke3 {[%emt 0:01:41]} 60. a6 {[%emt 0:00:37]} g4 {[%emt 0:01:17]} 61. a7 {[%emt 0:00:32]} Ra2+ {[%emt 0:00:54]} 62. Kg1 {[%emt 0:01:50]} Ra1+ {[%emt 0:00:01]} 63. Kg2 {[%emt 0:00:19]} g3 {[%emt 0:00:13]} 64. Rb8 {[%emt 0:00:54]} Ra2+ {[%emt 0:00:55]} 65. Kg1 {[%emt 0:00:56]} Rxa7 {[%emt 0:00:06]} 66. Rb3+ {[%emt 0:00:21]} Kf4 {[%emt 0:00:07]} 67. Rb1 {[%emt 0:00:31]} Ra2 {[%emt 0:00:31]} 68. Rf1+ {[%emt 0:00:28]} Rf2 {[%emt 0:00:29]} 69. Ra1 {[%emt 0:00:17]} Nd2 {[%emt 0:00:18]} 70. Rc1 {[%emt 0:00:25]} Nf3+ {[%emt 0:00:07]} 0-1

[Event "29. Klatovy A 2023"]
[Site "Klatovy"]
[Date "2023.07.07"]
[Round "7.13"]
[White "Polak, Michal 2002"]
[Black "Kopta, Pavel"]
[Result "1/2-1/2"]
[WhiteElo "1959"]
[BlackElo "2209"]
[PlyCount "94"]
[EventDate "2023.07.01"]
[EventType "swiss"]
[EventRounds "9"]
[EventCountry "CZE"]
[TimeControl "120+30"]

1. e4 {[%emt 15:11:59]} c5 {[%emt 0:00:15]} 2. Nf3 {[%emt 0:00:15]} d6 {[%emt 0:00:32]} 3. d4 {[%emt 0:00:06]} cxd4 {[%emt 0:00:07]} 4. Nxd4 {[%emt 0:00:20]} Nf6 {[%emt 0:00:21]} 5. Nc3 {[%emt 0:00:06]} g6 {[%emt 0:00:11]} 6. Bc4 {[%emt 0:00:49]} Bg7 {[%emt 0:01:06]} 7. O-O {[%emt 0:01:50]} O-O {[%emt 0:01:43]} 8. Bb3 {[%emt 0:01:31]} Nc6 {[%emt 0:00:39]} 9. h3 {[%emt 0:09:40]} Bd7 {[%emt 0:06:23]} 10. Be3 {[%emt 0:03:37]} Rc8 {[%emt 0:01:53]} 11. Nxc6 {[%emt 0:15:58]} Bxc6 {[%emt 0:02:45]} 12. e5 {[%emt 0:16:07]} dxe5 {[%emt 0:14:18]} 13. Qxd8 {[%emt 0:06:55]} Rfxd8 {[%emt 0:01:14]} 14. Bxa7 {[%emt 0:00:11]} e6 {[%emt 0:01:00]} 15. Rad1 {[%emt 0:11:45]} Nd5 {[%emt 0:04:33]} 16. Ne4 {[%emt 0:06:39]} Ra8 {[%emt 0:06:53]} 17. Bc5 {[%emt 0:02:28]} b6 {[%emt 0:02:28]} 18. Ba3 {[%emt 0:10:43]} Nf4 {[%emt 0:03:07]} 19. f3 {[%emt 0:02:18]} Rd4 {[%emt 0:14:09]} 20. Nd6 {[%emt 0:10:12]} Bf8 {[%emt 0:11:50]} 21. Nc4 {[%emt 0:09:14]} Bxa3 {[%emt 0:06:19]} 22. Nxa3 {[%emt 0:00:07]} Rad8 {[%emt 0:05:15]} 23. c3 {[%emt 0:05:19]} Rd2 {[%emt 0:02:09]} 24. Rxd2 {[%emt 0:01:40]} Rxd2 {[%emt 0:00:09]} 25. Rf2 {[%emt 0:00:09]} Rxf2 {[%emt 0:01:34]} 26. Kxf2 {[%emt 0:00:04]} Nd3+ {[%emt 0:00:09]} 27. Ke3 {[%emt 0:00:39]} Nxb2 {[%emt 0:00:24]} 28. Kd2 {[%emt 0:02:19]} e4 {[%emt 0:08:57]} 29. Bc2 {[%emt 0:06:51]} exf3 {[%emt 0:04:57]} 30. gxf3 {[%emt 0:00:08]} b5 {[%emt 0:02:52]} 31. Be4 {[%emt 0:03:05]} Bd7 {[%emt 0:01:38]} 32. h4 {[%emt 0:01:35]} f5 {[%emt 0:12:53]} 33. Bd3 {[%emt 0:01:06]} Nxd3 {[%emt 0:02:13]} 34. Kxd3 {[%emt 0:00:03]} Kf7 {[%emt 0:01:35]} 35. Kd4 {[%emt 0:01:47]} Kf6 {[%emt 0:00:37]} 36. f4 {[%emt 0:00:05]} h6 {[%emt 0:00:05]} 37. c4 {[%emt 0:01:05]} bxc4 {[%emt 0:01:12]} 38. Nxc4 {[%emt 0:00:02]} g5 {[%emt 0:00:12]} 39. hxg5+ {[%emt 0:00:25]} hxg5 {[%emt 0:00:05]} 40. fxg5+ {[%emt 0:00:12]} Kxg5 {[%emt 0:00:06]} 41. Ke5 {[%emt 0:01:39]} f4 {[%emt 0:01:09]} 42. Nd2 {[%emt 0:01:33]} Kg4 {[%emt 0:00:40]} 43. a4 {[%emt 0:00:54]} Kg3 {[%emt 0:00:54]} 44. a5 {[%emt 0:00:21]} Bc8 {[%emt 0:00:19]} 45. Ne4+ {[%emt 0:00:36]} Kf3 {[%emt 0:01:02]} 46. Ng5+ {[%emt 0:00:26]} Ke3 {[%emt 0:00:24]} 47. a6 {[%emt 0:00:38]} Bxa6 {[%emt 0:00:35]} 1/2-1/2

[Event "29. Klatovy A 2023"]
[Site "Klatovy"]
[Date "2023.07.07"]
[Round "7.14"]
[White "Skypala, Ondrej"]
[Black "Zhang, Brian"]
[Result "1-0"]
[WhiteElo "2163"]
[BlackElo "1821"]
[PlyCount "51"]
[EventDate "2023.07.01"]
[EventType "swiss"]
[EventRounds "9"]
[EventCountry "CZE"]
[TimeControl "120+30"]

1. c4 {[%emt 0:00:02]} c6 {[%emt 0:00:21]} 2. g3 {[%emt 0:00:09]} d5 {[%emt 0:00:09]} 3. Nf3 {[%emt 0:00:11]} Nf6 {[%emt 0:00:46]} 4. Bg2 {[%emt 0:00:07]} e6 {[%emt 0:08:16]} 5. O-O {[%emt 0:00:26]} Nbd7 {[%emt 0:00:40]} 6. b3 {[%emt 0:01:00]} Bd6 {[%emt 0:04:00]} 7. Bb2 {[%emt 0:01:51]} O-O {[%emt 0:03:38]} 8. d4 {[%emt 0:01:19]} b6 {[%emt 0:03:29]} 9. Nbd2 {[%emt 0:09:40]} Bb7 {[%emt 0:00:58]} 10. Rc1 {[%emt 0:01:40]} Qe7 {[%emt 0:19:33]} 11. Ne5 {[%emt 0:06:28]} Rac8 {[%emt 0:05:06]} 12. Re1 {[%emt 0:02:18]} Rfd8 {[%emt 0:10:14]} 13. Nxd7 {[%emt 0:02:19]} Qxd7 {[%emt 0:04:36]} 14. c5 {[%emt 0:01:13]} Bf8 {[%emt 0:15:51]} 15. Qc2 {[%emt 0:05:58]} g6 {[%emt 0:13:04]} 16. f3 {[%emt 0:01:54]} Bg7 {[%emt 0:05:26]} 17. Rcd1 {[%emt 0:01:45]} Qe7 {[%emt 0:05:27]} 18. b4 {[%emt 0:03:03]} b5 {[%emt 0:05:45]} 19. e4 {[%emt 0:03:07]} dxe4 {[%emt 0:02:15]} 20. fxe4 {[%emt 0:00:38]} e5 {[%emt 0:03:55]} 21. Bh3 {[%emt 0:00:51]} exd4 {[%emt 0:07:58]} 22. Bxc8 {[%emt 0:04:17]} d3 {[%emt 0:02:24]} 23. Qb1 {[%emt 0:00:59]} Bxc8 {[%emt 0:00:29]} 24. Nf3 {[%emt 0:01:02]} Nxe4 {[%emt 0:06:31]} 25. Bxg7 {[%emt 0:00:23]} Bg4 {[%emt 0:01:37]} 26. Rxd3 {[%emt 0:00:46]} 1-0

[Event "29. Klatovy A 2023"]
[Site "Klatovy"]
[Date "2023.07.07"]
[Round "7.15"]
[White "Simak, Roman"]
[Black "Pecka, Jan"]
[Result "0-1"]
[WhiteElo "1838"]
[BlackElo "2054"]
[PlyCount "30"]
[EventDate "2023.07.01"]
[EventType "swiss"]
[EventRounds "9"]
[EventCountry "CZE"]
[TimeControl "120+30"]

1. e4 {[%emt 0:04:24]} c5 {[%emt 0:00:44]} 2. b3 {[%emt 0:02:33]} d6 {[%emt 0:03:09]} 3. Bb2 {[%emt 0:03:35]} Nf6 {[%emt 0:00:06]} 4. Nc3 {[%emt 0:01:44]} Nc6 {[%emt 0:01:38]} 5. Bb5 {[%emt 0:00:54]} Bd7 {[%emt 0:00:36]} 6. a4 {[%emt 0:07:04]} g6 {[%emt 0:11:10]} 7. Nf3 {[%emt 0:16:14]} Bg7 {[%emt 0:07:34]} 8. Qe2 {[%emt 0:02:35]} O-O {[%emt 0:01:17]} 9. O-O {[%emt 0:11:19]} Nh5 {[%emt 0:04:48]} 10. Nd1 {[%emt 0:03:04]} Bh6 {[%emt 0:12:15]} 11. g3 {[%emt 0:01:21]} e5 {[%emt 0:01:28]} 12. Nh4 {[%emt 0:08:44]} Nf4 {[%emt 0:02:07]} 13. gxf4 {[%emt 0:01:47]} Qxh4 {[%emt 0:04:12]} 14. fxe5 {[%emt 0:00:30]} Bh3 {[%emt 0:02:12]} 15. exd6 {[%emt 0:05:55]} Qg5+ {[%emt 0:00:17]} 0-1